| 000 | 01173nam a2200397 c 4500 | ||
|---|---|---|---|
| 001 | 53779 | ||
| 003 | ES-MaCES | ||
| 005 | 20250702112350.0 | ||
| 008 | 250702s2025 sp l 000 | spa d | ||
| 017 |
_aM 12697-2025 _bDL |
||
| 020 | _a9788410431720 | ||
| 040 |
_aES-MaCES _bspa _cES-MaCES |
||
| 245 | 0 | 0 | _aMemento experto Francis Lefebvre, extranjería |
| 250 | _a6ª ed | ||
| 260 |
_aMadrid _bFrancis Lefebvre _c2025 |
||
| 300 |
_a599 p. _c24 cm |
||
| 500 | _aÍndices | ||
| 541 | _cCompra | ||
| 650 | 4 |
_aextranjero _928630 |
|
| 650 | 4 |
_ainmigrante _928631 |
|
| 650 | 4 |
_asituación jurídica _927172 |
|
| 650 | 4 |
_aderechos civiles _930100 |
|
| 650 | 4 |
_aderecho civil _927156 |
|
| 650 | 4 |
_aderecho de asilo _931135 |
|
| 650 | 4 |
_aderecho del trabajo _927165 |
|
| 650 | 4 |
_aderecho penal _927159 |
|
| 650 | 4 |
_aEspaña _926964 |
|
| 650 | 4 |
_apaís de acogida _929799 |
|
| 650 | 4 |
_arégimen jurídico _929894 |
|
| 650 | 4 |
_aguía _929262 |
|
| 653 | 1 | 0 | _aDerecho civil |
| 710 | 2 |
_aEdiciones Francis Lefebvre _eed. _92636 |
|
| 775 | 0 |
_tMemento experto Francis Lefebvre, extranjería _w(ES-MaCES)52844 |
|
| 902 | _aLIB Libro | ||
| 942 |
_2CES _cBK _h6.0.7. |
||
| 999 |
_c53779 _d53779 |
||